О вентильно-механической коммутации машин постоянного тока: Диссертация на соискание ученой степени кандидата технических наук

Dades bibliogràfiques
Autor principal: Милорадов И. А.
Autor corporatiu: Томский политехнический институт (ТПИ) Научно-исследовательский институт ядерной физики, электроники и автоматики (НИИ ЯФЭА)
Altres autors: Ивашин В. В. (научный руководитель)
Idioma:rus
Publicat: Томск, 1967
Matèries:
Format: MixedMaterials Llibre
KOHA link:https://koha.lib.tpu.ru/cgi-bin/koha/opac-detail.pl?biblionumber=143228

MARC

LEADER 00000nbm0a2200000 4500
001 143228
005 20231031143148.0
035 |a (RuTPU)RU\TPU\book\155200 
090 |a 143228 
100 |a 20080917d1967 k y0rusy50 ca 
101 0 |a rus 
102 |a RU 
105 |a a m 001zy 
200 1 |a О вентильно-механической коммутации машин постоянного тока  |e Диссертация на соискание ученой степени кандидата технических наук  |f И. А. Милорадов  |g Томский политехнический институт (ТПИ), Научно-исследовательский институт ядерной физики, электроники и автоматики (НИИ ЯФЭА) ; науч. рук. В. В. Ивашин 
210 |a Томск  |d 1967 
215 |a 171 л.  |c ил. 
320 |a Библиогр.: с. 166-171 (87 назв.) 
610 1 |a диссертации 
610 1 |a машины постоянного тока 
610 1 |a вентильно-механические коммутации 
610 1 |a коллекторные электрические машины 
610 1 |a улучшение 
610 1 |a вспомогательные вентили 
675 |a 621.313.2(04)  |v 3 
700 1 |a Милорадов  |b И. А. 
702 1 |a Ивашин  |b В. В.  |4 727 
712 0 2 |a Томский политехнический институт (ТПИ)  |b Научно-исследовательский институт ядерной физики, электроники и автоматики (НИИ ЯФЭА)  |c (1958-1975)  |2 stltpush  |3 (RuTPU)RU\TPU\col\12423 
801 1 |a RU  |b 63413507  |c 20080917  |g PSBO 
942 |c BK